Ecoclubes en acción : sistematización de experiencias

Guardado en:
Formato: Libro
Publicado: Buenos Aires : Organización Panamericana de la Salud, 2004
Materias:
Etiquetas: Agregar Etiqueta
Sin Etiquetas, Sea el primero en etiquetar este registro!
LEADER 00571nam a22001815a 4500
001 CEM.cems012872
005 20080509111933.0
008 130507s2004##################000#0#####d
003 CEMS
082 0 4 |a F574.5 
245 0 0 |a Ecoclubes en acción :  |b sistematización de experiencias 
260 |a Buenos Aires :  |b Organización Panamericana de la Salud,  |c 2004 
300 |a 68 p. 
653 |a Medio ambiente 
653 |a Ecoclubes 
653 |a Ecología 
653 |a Olimpiadas 2007-preservación del medio ambiente 
859 |a CEMS  |b BIB. CEMS - 11 de abril  |h F574.5  |i 31-7  |p 2200.44  |t Ej.1